| 000 | 00519nam a2200193Ia 4500 | ||
|---|---|---|---|
| 005 | 20250326125008.0 | ||
| 008 | 250326s9999 xx 000 0 und d | ||
| 037 | _aTextbook | ||
| 040 |
_aFMSL _beng _cFMSL |
||
| 041 |
_aeng _2eng |
||
| 084 |
_aX:8K K54 _qFMSL |
||
| 100 |
_aSherwood J F _9738318 |
||
| 245 | 0 |
_aPrinciples of cost accounting _cSherwood J F; Chace F T |
|
| 250 | _a3 | ||
| 260 |
_aNY _bNY, South-Western _c1965 |
||
| 300 | _a295p | ||
| 942 |
_cTB _hX:8K K54 |
||
| 999 |
_c1276088 _d1276088 |
||